banner koha

Prosa com Eliseu: entrevista com Jorge Duarte (Registro n. 9134)

MARC details
000 -LÍDER
Campo de controle fixo 02092nam a22003497a 4500
001 - NÚMERO DE CONTROLE
Número de controle BR2023000529
003 - CÓDIGO MARC DA AGÊNCIA CATALOGADORA
Campo de controle BR-BrBNA
005 - DATA E HORA DA ÚLTIMA ATUALIZAÇÃO
Campo de controle 20230601155943.0
008 - CAMPO DE TAMANHO FIXO
Campo fixo de controle 230517b bl.||||| |||| 00| 0 por d
020 ## - ISBN - INTERNATIONAL STANDARD BOOK NUMBER
ISBN 978-85-7035-801-1
040 ## - FONTE DA CATALOGAÇÃO
Agência catalogadora BR-BrBNA
Idioma da catalogação por
041 ## - CÓDIGO DO IDIOMA
Código do Idioma por
072 ## - CATEGORIA AGRIS
Código da categoria de assunto B50 ; A50 ; C20
090 ## - NÚMERO DE CHAMADA
Número de Chamada B50 BR2023000529
100 ## - ENTRADA PRINCIPAL - NOME PESSOAL
Nome pessoal Duarte, Jorge
110 ## - ENTRADA PRINCIPAL - ENTIDADE
Nome da entidade ou lugar Empresa Brasileira de Pesquisa Agropecuária, Brasília, DF (Brazil)
245 ## - TÍTULO PRINCIPAL
Título principal Prosa com Eliseu: entrevista com Jorge Duarte
260 ## - IMPRENTA (PUBLICAÇÃO, DISTRIBUIÇÃO, ETC.)
Lugar de publicação, distribuição, etc. Brasília, DF (Brazil) :
Nome do editor, distribuidor, etc. Embrapa
Data de publicação, distribuição, etc 2018
300 ## - DESCRIÇÃO FÍSICA
Extensão 155 p.
Detalhes físicos adicionais il. color.
Dimensões 16 cm x 22 cm
500 ## - NOTA GERAL
Notas gerais 5 ref.; 10 illus.
505 ## - NOTA DE CONTEÚDO
Nota de conteúdo Este livro resultou de uma entrevista idealizada pelo jornalista Jorge Duarte, em que o entrevistado é um dos mais renomados e reconhecidos presidentes da Embrapa: Eliseu Alves. Escrita em linguagem coloquial, muitas vezes com notas de afetividade, a entrevista teve duas motivações. A primeira foi conhecer a história particular de Eliseu Roberto de Andrade Alves: a família, a região onde cresceu, os aprendizados com a formação acadêmica, os desafios profissionais e as inovações teóricas e práticas que resultaram em grandes contribuições à atividade agropecuária brasileira, prioritariamente quando ele esteve à frente de empresas públicas que ajudou a fundar e administrar. A segunda foi conhecer a visão referencial do pesquisador Eliseu Alves sobre os fundamentos, a direção, a trajetória da pesquisa agropecuária e os desafios da extensão rural e da pobreza rural no Brasil. Assim, podemos dizer que é um relato histórico sobre a composição vital do percurso tecnológico da atividade rural no Brasil.
650 ## - ASSUNTO - THESAGRO
Cabeçalho tópico ou nome geográfico HISTÓRIA
650 ## - ASSUNTO - THESAGRO
Cabeçalho tópico ou nome geográfico BIOGRAFIA
650 ## - ASSUNTO - THESAGRO
Cabeçalho tópico ou nome geográfico PESQUISA AGRÍCOLA
650 ## - ASSUNTO - THESAGRO
Cabeçalho tópico ou nome geográfico PESQUISA PECUÁRIA
650 ## - ASSUNTO - THESAGRO
Cabeçalho tópico ou nome geográfico EXTENSÃO RURAL
650 ## - ASSUNTO - THESAGRO
Cabeçalho tópico ou nome geográfico TECNOLOGIA
650 ## - ASSUNTO - THESAGRO
Cabeçalho tópico ou nome geográfico ELISEU ALVES
856 ## - ACESSO E ENDEREÇO ELETRÔNICO
Identificador uniforme de recurso - URI https://www.embrapa.br/busca-de-publicacoes/-/publicacao/1090761/prosa-com-eliseu-entrevista-a-jorge-duarte
909 ## - IDENTIFICAÇÃO DO CATALOGADOR
Ano e mês da catalogação (aaaamm) 202305
Identificação do catalogador Fernando
942 ## - TIPO ESPECÍFICO
Tipo de material Livros
952 ## - LOCATION AND ITEM INFORMATION (KOHA)
-- 2023-05-17
Exemplares
Status de empréstimo Fonte de classificação Status de danificação Não pode ser emprestado Código da coleção Localização permanente Localização atual Localização na estante Total Checkouts Número de chamada Código de barras Tipo de material
  Classificação AGRIS     Agrobase Biblioteca Nacional de Agricultura - Binagri Biblioteca Nacional de Agricultura - Binagri Agrobase - Acervo Geral   B50 BR2023000529 2023-435616 Livros

BINAGRI

Telefone: (61)3218-2567/2388/3357/2097 - binagri@agro.gov.br

Ministério da Agricultura e Pecuária , Esplanada dos Ministérios, Bloco D, Anexo B, Brasília/DF, CEP: 70.043-900